| 000 | 00722nam a2200253Ia 4500 | ||
|---|---|---|---|
| 008 | 171025s9999 xx 000 0 und d | ||
| 020 | _a9781559538824 | ||
| 050 | _a516 | ||
| 050 | _bSe487 2008 | ||
| 100 | _aSerra, Michael | ||
| 245 | _aDiscovering geometry an investigative approach / | ||
| 245 | _cMichael Serra. | ||
| 250 | _aFourth edition | ||
| 260 | _aUSA : | ||
| 260 | _bKey Curriculum Press, | ||
| 260 | _c2008 | ||
| 300 | _axiv, 834 pages : | ||
| 300 | _bcolor illustrations ; | ||
| 300 | _c28cm. | ||
| 500 | _aIncludes hints for selected exercises, answers for chapter reviews, glossary and index. | ||
| 650 | _aGeometry -- | ||
| 650 | _xStudy and teaching (Secondary). | ||
| 700 | _aTitle. | ||
| 999 |
_c344547 _d344547 |
||